000 01116nam a2200301 i 4500
001 179315
003 ES-MaACL
005 20250827222022.0
008 111027s2009 sp d |||| | spa d
020 _a978-84-9860-309-5
080 _a308-054.72(=144.460)"15/17"
080 _a314.743(44)"15/17"
100 1 _aSalas Auséns, José Antonio.
_9148420
245 1 0 _aEn busca de El Dorado
_b: inmigración francesa en la España de la Edad Moderna /
_cJosé Antonio Salas Auséns.
260 _a[Bilbao] :
_bUniversidad del País Vasco, Servicio Editorial,
_c[2009]
300 _a357 p. :
_bgráf. ;
_c24 cm.
490 1 _aHistoria de la población ;
_v6
500 _aÍndices.
504 _aBibliografía: p. 341-357.
650 7 _aFranceses-
_zEspaña-
_vHistoria.
_9148421
651 4 _aFrancia-
_xEmigración
_98677
710 2 _aUniversidad del País Vasco
_97367
830 0 _aHistoria de la población ;
_v6
_9187628
852 _aES-MaACL
_9186202
_bR.146412
_jA-11679
_dOlim: N-4684
_cDEPO1
942 _2udc
_cMONOGRAFIA
999 _c179315
_d179315